Cargando...
Masakopanishathum Mattu Pathu Ekangangalum
| Autor Principal: | |
|---|---|
| Formato: | Printed Book |
| Idioma: | Undetermined |
| Publicado: |
Kottayam
DC Books
2009
|
| LEADER | 00497nam a2200157Ia 4500 | ||
|---|---|---|---|
| 008 | 140316s9999 xx 000 0 und d | ||
| 020 | |a 8124017077 | ||
| 082 | |a 812 |b PIL/MA | ||
| 100 | |a Pillai ,N.N. | ||
| 245 | |a Masakopanishathum Mattu Pathu Ekangangalum | ||
| 260 | |a Kottayam |b DC Books |c 2009 | ||
| 300 | |||
| 650 | |||
| 942 | |2 ddc |c BK | ||
| 999 | |c 12224 |d 12224 | ||
| 952 | |0 0 |1 0 |2 ddc |4 0 |6 812_000000000000000_PILMA |7 0 |9 13449 |a KAUCLV |b KAUCLV |c GENERAL |d 2014-03-18 |o 812 PIL/MA |p 221329 |r 2014-03-18 |w 2014-03-18 |y BK | ||